000
00307nam a22001217a 4500
008
160510b xxu||||| |||| 00| 0 eng d
020
_a
9780781759366
020
_a
0781759366
041
_a
eng
080
_a
573
245
_a
Clinically oreiented anatomy:
_c
Keith L. Moore; Arthur F.Dalley;
942
_2
udc
_c
BK
999
_c
1945
_d
1945